000 00566nam a22002057a 4500
003 BD-ChCU
005 20260429110718.0
008 260429b ny ||||| |||| 00| 0 eng d
020 _a9780197647134
040 _cBD-ChCU
082 _223
_a551.6 R766c
100 _aRomm, Joseph.
_922070
245 _aClimate chang :
_bwhat everyone needs to know/
_cJoseph Romm.
250 _a3ed.
260 _aNew York :
_bOxford University,
_c2022
300 _a233 P. :
504 _aIncludes.
650 0 _aClimate change ; Climate change.
_922071
942 _2ddc
_cBK
_n0
999 _c112512
_d112512